| 000 | 00848cam a2200265 i 4500 | ||
|---|---|---|---|
| 001 | 1831154 | ||
| 003 | OSt | ||
| 005 | 20230703153822.0 | ||
| 008 | 800902s1980 cy b 001 0 eng | ||
| 010 | _a 80128539 | ||
| 040 |
_aDLC _cDLC _dDLC |
||
| 043 | _aa-cy--- | ||
| 082 | 0 | 0 |
_a342.569 _bTOB |
| 100 | 1 |
_aTornaritis, Criton George, _d1902- |
|
| 245 | 1 | 0 |
_aCyprus and its constitutional and other legal problems / _cby Criton G. Tornaritis. |
| 250 | _a2d ed. | ||
| 260 |
_aNicosia : _b[s.n.], _c1980. |
||
| 300 |
_aii, 246 p. ; _c25 cm. |
||
| 500 | _aFirst ed. published in 1974 under title: Cyprus and its constitution. | ||
| 504 | _aIncludes bibliographical references and index. | ||
| 650 | 0 |
_aConstitutional law _zCyprus. |
|
| 906 |
_a7 _bcbc _corignew _du _encip _f19 _gy-gencatlg |
||
| 942 |
_2ddc _cBK |
||
| 999 |
_c3449 _d3449 |
||